All N*E*R*D Songs - Statistics

General Stats
  • This quiz has been taken 23 times
  • The average score is 23 of 66
Answer Stats
Album Song % Correct
No One Ever Really Dies Lemon
81%
Seeing Sounds T
62%
In Search of... Lapdance
57%
Fly or Die Fly or Die
52%
Nothing Party People
52%
In Search of... Rock Star
52%
Seeing Sounds Everybody Nose (All the Girls Standing in the Line for the Bathroom)
48%
Nothing Hypnotize U
48%
In Search of... Intro
48%
Fly or Die Jump
48%
No One Ever Really Dies Kites
48%
No One Ever Really Dies Rollinem 7's
48%
Seeing Sounds Sooner or Later
48%
In Search of... Tape You
48%
No One Ever Really Dies 1000
43%
In Search of... Bobby James
43%
No One Ever Really Dies Deep Down Body Thrust
43%
In Search of... Things Are Getting Better
43%
No One Ever Really Dies Voilà
43%
Seeing Sounds Windows
43%
In Search of... Brain
38%
Fly or Die Breakout
38%
In Search of... Provider
38%
In Search of... Run to the Sun
38%
Seeing Sounds Spaz
38%
Seeing Sounds Anti Matter
33%
Fly or Die Backseat Love
33%
No One Ever Really Dies Don't Don't Do It!
33%
Fly or Die Drill Sergeant / Preservation
33%
Nothing Life as a Fish
33%
Fly or Die Maybe
33%
In Search of... Stay Together
33%
Seeing Sounds Time for Some Action (Intro)
33%
Fly or Die Wonderful Place / Waiting for You
33%
In Search of... Am I High
29%
Fly or Die Chariot of Fire / Find My Way
29%
Fly or Die Don't Worry About It
29%
No One Ever Really Dies ESP
29%
Nothing God Bless Us All
29%
Seeing Sounds Happy (Skit)
29%
Nothing I've Seen the Light / Inside of Clouds
29%
Seeing Sounds Kill Joy
29%
Seeing Sounds Laugh About It
29%
No One Ever Really Dies Lifting You
29%
Seeing Sounds Love Bomb
29%
No One Ever Really Dies Secret Life of Tigers
29%
Fly or Die She Wants to Move
29%
Seeing Sounds Yeah You
29%
In Search of... Baby Doll
24%
Nothing Help Me
24%
Nothing Hot-n-Fun
24%
Nothing It's in the Air
24%
Nothing I Wanna Jam
24%
No One Ever Really Dies Lightning Fire Magic Prayer
24%
Nothing Nothing on You
24%
Nothing Perfect Defect
24%
Nothing Ride That Thang
24%
Fly or Die The Way She Dances
24%
Fly or Die Thrasher
24%
In Search of... Truth or Dare
24%
Nothing Victory
24%
Nothing Fuego
19%
Single Lemon (Remix)
19%
Nothing Sacred Temple
19%
Nothing The Man
19%
Seeing Sounds Lazer Gun
14%
No matching quizzes found
Score Distribution
Percent of People with Each Score
Percentile by Number Answered
Your Score History
You have not taken this quiz